书目信息 |
| 题名: |
房屋拆迁维权指南
|
|
| 作者: | 崔卓兰 主编 ;闫丽彬 编著 | |
| 分册: | ||
| 出版信息: | 长春 吉林人民出版社 2005.07 |
|
| 页数: | 199页 | |
| 开本: | 20cm | |
| 丛书名: | ||
| 单 册: | ||
| 中图分类: | D922.181.4-62 | |
| 科图分类: | ||
| 主题词: | 房屋拆迁--法规--基本知识--中国 , 房屋拆迁 | |
| 电子资源: | ||
| ISBN: | 7-206-04019-5 | |
| 000 | 00945nam0 2200277 45 | |
| 001 | 012005607023 | |
| 005 | 20060914151755.98 | |
| 010 | @a7-206-04019-5@dCNY21.20 | |
| 092 | @aCN@b471139 | |
| 100 | @a20051222d2005 em y0chiy0120 ea | |
| 101 | 0 | @achi |
| 102 | @aCN@b220000 | |
| 105 | @ay z 000yy | |
| 200 | 1 | @a房屋拆迁维权指南@Afang wu chai qian wei quan zhi nan@f崔卓兰主编@Fcui zhuo lan zhu bian@g编著 闫丽彬@Gbian zhu yan li bin |
| 205 | @a第2版 | |
| 210 | @a长春@c吉林人民出版社@d2005.07 | |
| 215 | @a199页@d20cm | |
| 330 | @a本书以问答的形式就城市房屋拆迁的基础法律知识、许可、补偿安置、价格评估、行政处罚与处分纠纷及争议解决等问题进行了阐述。 | |
| 606 | 0 | @a房屋拆迁@x法规@x基本知识@y中国 |
| 606 | 0 | @a房屋拆迁 |
| 690 | @aD922.181.4-62@v4 | |
| 701 | 0 | @a崔卓兰@Acui zhuo lan@4主编 |
| 702 | 0 | @a闫丽彬@Ayan li bin@4编著 |
| 801 | 0 | @aCN@bLZJBOOK@c20060914 |
| 905 | @aBZT@dD922.181.4-62@e1 | |
| 906 | @dCNY21.20@n0@r1 | |
| 房屋拆迁维权指南/崔卓兰主编/编著 闫丽彬.-第2版.-长春:吉林人民出版社,2005.07 |
| 199页;20cm |
| ISBN 7-206-04019-5:CNY21.20 |
| 本书以问答的形式就城市房屋拆迁的基础法律知识、许可、补偿安置、价格评估、行政处罚与处分纠纷及争议解决等问题进行了阐述。 |
| ● |
| 相关链接 |
|
|
|
正题名:房屋拆迁维权指南
索取号:D922.181.4-62/1
 
预约/预借
| 序号 | 登录号 | 条形码 | 馆藏地/架位号 | 状态 | 备注 |
| 1 | 457518 | 230014104 | 中心书库南/013架A面4层2列/ [索取号:D922.181.4-62/1] | 在馆 | |
| 2 | 457519 | 230014102 | 中心书库南/013架A面4层2列/ [索取号:D922.181.4-62/1] | 在馆 | |
| 3 | 457520 | 230014100 | 中心书库南/013架A面4层2列/ [索取号:D922.181.4-62/1] | 在馆 | |
| 4 | 457521 | 230014098 | 中心书库南/013架A面4层2列/ [索取号:D922.181.4-62/1] | 在馆 | |
| 5 | 457522 | 230014103 | 中心书库南/013架A面4层2列/ [索取号:D922.181.4-62/1] | 在馆 |